LEADER 00601nam a2200181 i 4500 001 000000177706 003 CaOOAMICUS 005 20201015144239.0 008 090218s1964 gw u000 u eng u 013 $a155274 040 $aSeMil$bita 245 10$a2. 300 $aviii, 470 p. ;$c22 cm. 773 0 $aHume, David <1711-1776>$tEssays.$dAalen : Scientia Verlag, 1964.$bReprint of the new edition London 1882.$g2$w()20739 850 $aSeMil 852 $aSeMil$W1$xVenegono$y1$m2P V 415$j128511$B128511$CSeMilBibl$Z2$F139386 $81 996 $6245$a2$9(OLS)http://semarc/title/46889 LEADER 00733nam a2200205 i 4500 001 000000238929 003 CaOOAMICUS 005 20250818085016.0 008 150217s1822 it u000 u ita u 013 $a217834 026 $aong- irto noio ilep (7) 1822 (R) 040 $aSeMil$bita 245 10$aVol. 2. 300 $a303, [1] p. 773 0 $aSegneri, Paolo $tQuaresimale del padre Paolo Segneri della Compagnia di Gesu. Volume 1. [-4.].$dBrescia : Tipografia Pasini, 1822.$g2$w()31408 850 $aSeMil 852 $aSeMil$W1$xVenegono$y1$m3D I 187 FA$j189275$B189275$CSeMilBibl$Z2$F200082 $8I 961 $aRecupero: Mantegazza 996 $6245$aVol. 2$9(OLS)http://semarc/title/13458